000 00446nam a22001697a 4500
999 _c524921
_d524921
003 NUST
020 _a969-8611-04-5
038 _afaiza
082 _a891.4391
_b RAS
100 _aRasool, Chacha Gulam
_915721
245 _aChachy ki Patari /
_c Chacha Guhlam Rasool
300 _a144 p, ;
500 _aHardcover.
880 _6100-01\r
_aچاچا غلام رسول
880 _6245-02\r
_a چاچے کی پٹاری /
942 _2ddc
_cBK